000 00347nam a2200121Ia 4500
008 220216s9999 xx 000 0 und d
100 _aVarghese Siby
245 0 _aRubber nanocomposites barrier coatings offer higher properties
260 _bRubber Asia
_c2013
300 _a154,156,158,160,162.00
650 _aRubber nanocomposites
942 _cJS
999 _c67832
_d67832